Colom, seguit de Tenerife : (Record no. 182065)

MARC details
000 -LEADER
campo de control de longitud fija 00938nam a2200229 i 4500
001 - NÚMERO DE CONTROL
campo de control 182065
003 - IDENTIFICADOR DE NÚMERO DE CONTROL
campo de control ES-MaACL
005 - FECHA Y HORA DE LA ÚLTIMA TRANSACCIÓN
campo de control 20250420121136.0
008 - DATOS DE LONGITUD FIJA--INFORMACIÓN GENERAL
campo de control de longitud fija 130529s1907 sp |||| | cat d
100 1# - ENTRADA PRINCIPAL--NOMBRE DE PERSONA
Nombre de persona Verdaguer, Jacint,
Fechas asociadas al nombre 1845-1902
9 (RLIN) 113998
245 10 - MENCIÓN DEL TÍTULO
Título Colom, seguit de Tenerife :
Resto del título (obra póstuma) /
Mención de responsabilidad, etc. Jacinto Verdaguer.
260 ## - PUBLICACIÓN, DISTRIBUCIÓN, ETC.
Lugar de publicación, distribución, etc. Barcelona :
Nombre del editor, distribuidor, etc. [s.n.],
Fecha de publicación, distribución, etc. 1907 (
Fabricante Tip. "L'Avenç")
300 ## - DESCRIPCIÓN FÍSICA
Extensión 85 p. ;
Dimensiones 20 cm.
490 1# - MENCIÓN DE SERIE
Mención de serie Collecció d'obres pòstumes
530 ## - NOTA DISPONIBLE DE FORMULARIO FÍSICO ADICIONAL
Nota de formato físico adicional disponible Disponible en formato digital.
600 14 - PUNTO DE ACCESO ADICIONAL DE MATERIA--NOMBRE DE PERSONA
Nombre de persona Colón, Cristóbal.
9 (RLIN) 39869
830 1# - PUNTO DE ACCESO ADICIONAL DE SERIE-TÍTULO UNIFORME
Título uniforme Collecció d'obres pòstumes
9 (RLIN) 191735
852 4# - LOCALIZACIÓN
Ubicación ES-MaACL
Número de control de estantería 2114-F-14
Nota libre Revisado enlace: 20 de Abril de 2025
Ubicación en estantería Depósito folletos
Donativo/Legado Donativo : Los herederos de la biblioteca de Mª del Pilar Costa Palacín
856 4# - LOCALIZACIÓN Y ACCESO ELECTRÓNICOS
Identificador Uniforme de Recursos <a href="https://www.cervantesvirtual.com/nd/ark:/59851/bmc00018">https://www.cervantesvirtual.com/nd/ark:/59851/bmc00018</a>
Texto de enlace Biblioteca Virtual Miguel de Cervantes
942 ## - ELEMENTOS DE ENTRADA SECUNDARIOS (KOHA)
Fuente del sistema de clasificación o colocación Clasificación decimal universal
Holdings
Estatus retirado Estado de pérdida Estado de daño No para préstamo Colección Biblioteca de origen Biblioteca actual Ubicación en estantería Fecha de adquisición Fuente de adquisición Total de préstamos Signatura topográfica completa Código de barras Visto por última vez Precio de reemplazo Tipo de ítem Koha
        Colección de folletos Biblioteca del Ateneo de Madrid Biblioteca del Ateneo de Madrid Depósito folletos 29/05/2013     2114-F-14 1191326 23/02/2023 23/02/2023 Folleto